| 000 | 00650nam a22002297a 4500 | ||
|---|---|---|---|
| 005 | 20170124110016.0 | ||
| 010 | _aA-778174 | ||
| 020 | _c00.000 | ||
| 035 | _aA-778174 | ||
| 037 | _bCen Lib/ Ret | ||
| 040 |
_aDPL _bEN |
||
| 082 |
_a303.6 _bGUP |
||
| 100 |
_aGupta, R.K. _97313 |
||
| 245 |
_aSocial action and non violence / _cby R.K. Gupta |
||
| 260 |
_aNew Delhi _bIndian council of philosophical research |
||
| 270 |
_bNew Delhi _aRajendra bhawan |
||
| 300 |
_a128p. _c21cm(Hb) |
||
| 500 | _aIncludes index | ||
| 650 |
_aSocial action _x _918653 |
||
| 650 |
_aNon-violence _918654 |
||
| 942 |
_2ddc _cEN _h303.6 _mGUP |
||
| 999 |
_c126853 _d126853 |
||